[Event "IX Chess Masters Final 2016"]
[Site "Bilbao"]
[Date "2016.07.17"]
[Round "5"]
[White "Giri, Anish"]
[Black "Carlsen, Magnus"]
[Result "1/2-1/2"]
[WhiteElo "2782"]
[BlackElo "2855"]
[PlyCount "123"]
[EventDate "2016.??.??"]
[EventCountry "ESP"]
[SourceTitle "playchess.com"]
[Source "ChessBase"]

1. d4 d5 2. c4 dxc4 $5 3. Nf3 a6 4. e3 Bg4 5. Bxc4 e6 6. h3 Bh5 7. Nc3 Nc6 8.
O-O Nf6 9. b3 Bd6 10. Bb2 O-O 11. Be2 Qe7 (11... Qe8 12. Rc1 Rd8 13. Nd2 Bxe2
14. Qxe2 Qe7 15. Rfd1 Rfe8 16. Nce4 Nxe4 17. Nxe4 f5 18. Nxd6 Qxd6 19. Qf3 Qd5
20. Rc5 Qxf3 21. gxf3 Rd5 22. Rc4 Rd7 23. Rdc1 Rc8 24. Ba3 Ne7 25. Bxe7 Rxe7 {
1/2-1/2 (25) Spassky,B (2690)-Romanishin,O (2200) Gothenburg 1971}) 12. Rc1 (
12. a3 Nd5 13. b4 Nxc3 14. Bxc3 Rfe8 15. Nd2 Bxe2 16. Qxe2 f5 17. e4 Qf7 18.
Rad1 {1/2-1/2 (18) Gelfand,B (2690)-Huebner,R (2620) Munich 1993}) (12. Nd2
Bxe2 13. Qxe2 Nd5 14. Nc4 Nxc3 15. Bxc3 Rad8 16. Rac1 Qh4 17. Na5 Nxa5 18. Bxa5
Rd7 19. Rfd1 Qg5 {1/2-1/2 (19) Tal,M (2605)-Hort,V (2590) Porz 1982}) (12. e4
Bxf3 13. Bxf3 Rad8 14. Ne2 Bc5 15. Qc2 Bb6 16. Rac1 e5 17. d5 Nb4 18. Ba3 a5
19. Qc4 Ne8 20. Rfd1 Qh4 21. Bxb4 Qxf2+ 22. Kh2 axb4 23. Qxb4 Nd6 {0-1 (39)
Axelsson,F-Alekhine,A Oerebro 1935}) (12. Nh4 Bxe2 13. Qxe2 Rad8 14. Nf3 Nd5
15. e4 Nf4 16. Qe3 e5 17. dxe5 Bxe5 18. Rad1 Bxc3 19. Bxc3 {1/2-1/2 (30)
Stojanovic,M (2509)-Edouard,R (2620) Switzerland SUI 2016}) 12... Rad8 13. Ne5
Nxe5 (13... Bxe2 14. Nxc6 Bxd1 15. Nxe7+ Bxe7 16. Rfxd1 Rd7 17. Na4 Rfd8 18.
Kf1 Ne4 19. f3 Ng3+ 20. Kf2 Bh4 21. Nc5 Ne4+ 22. Ke2 Nxc5 23. dxc5 Rxd1 24.
Rxd1 Rxd1 25. Kxd1 c6 26. Ke2 Be7 27. b4 g6 28. Kd3 {1/2-1/2 (28) Leitao,R 
(2598)-Kunin,V (2494) Barcelona 2006}) 14. Bxh5 Ng6 15. Bxg6 hxg6 16. Qf3 c6
17. Rfd1 e5 18. dxe5 Bxe5 19. Rxd8 Rxd8 20. Rd1 b5 21. g3 Rxd1+ 22. Qxd1 c5 23.
Qd3 Kh7 24. Nd1 Bxb2 25. Nxb2 Qe6 26. g4 Qc6 27. Qe2 Ne4 {0h16-0h27} 28. Qc2
Ng5 29. f4 Ne6 30. Qg2 Qd6 31. Qe2 Qd5 32. Qg2 Qd6 33. h4 Nc7 34. h5 gxh5 35.
gxh5 Qe7 36. Qf3 Qd7 37. Nd1 Qd5 38. Qe2 Qf5 39. Nf2 Nd5 40. Kg2 c4 41. bxc4
bxc4 42. Kg3 c3 43. Qxa6 c2 (43... Nb4 44. Qc4 c2 45. a3 Nd5 46. Qd3 Ne7 47.
Qc4 {avec la même position que dans la partie, mais un pion en a3.} Qxh5 48.
Qxc2+) 44. Qd3 Ne7 45. Qc4 Qxh5 46. Qxc2+ Nf5+ 47. Kg2 Qg6+ 48. Kh2 Qg3+ 49.
Kh1 g6 50. Qe2 $1 Nxe3 51. Ne4 Qxf4 52. Qh2+ Qxh2+ 53. Kxh2 Nc4 54. Kg3 Kg7 55.
a4 f5 56. Ng5 Kf6 57. Kh4 Na5 58. Nh7+ Kg7 59. Ng5 Nc6 60. Ne6+ Kf6 61. Ng5 Ke5
62. Nh3 1/2-1/2

[Event "IX Chess Masters Final 2016"]
[Site "Bilbao"]
[Date "2016.07.17"]
[Round "5"]
[White "So, Wesley"]
[Black "Wei, Yi"]
[Result "1/2-1/2"]
[WhiteElo "2770"]
[BlackElo "2694"]
[PlyCount "145"]
[EventDate "2016.??.??"]
[EventCountry "ESP"]
[SourceTitle "playchess.com"]
[Source "ChessBase"]

1. e4 e5 2. Nf3 Nf6 3. Nxe5 d6 4. Nf3 Nxe4 5. Nc3 Nxc3 6. dxc3 Nc6 7. Bf4 Be7
8. Qd2 Be6 9. O-O-O Qd7 10. h3 Bf6 11. g4 h6 12. Bg2 O-O-O 13. b3 Rde8 14. Rhe1
Kb8 15. Be3 a6 16. Ng1 g5 17. Ne2 h5 18. f3 Qe7 19. Ng3 d5 20. Kb2 Rd8 {
0h22-0h17} 21. Ne2 Rhe8 22. Nd4 Nxd4 23. cxd4 Rg8 24. Bf1 Qd6 25. f4 hxg4 26.
fxg5 Be7 27. hxg4 Bxg4 28. Be2 Bxe2 29. Rxe2 f6 30. gxf6 Bxf6 31. Bf4 Qd7 32.
Rde1 Qg7 33. Kb1 Bg5 34. Bxg5 Qxg5 35. Qb4 Rg6 36. Re5 Qh4 37. Re8 Rgd6 38.
R1e7 Rxe8 39. Rxe8+ Rd8 40. Re6 b6 41. a4 a5 42. Qc3 Rg8 43. Ka2 Qh7 44. Qc6
Rd8 45. b4 axb4 46. a5 Qd7 47. axb6 Qxc6 48. Rxc6 cxb6 49. Rxb6+ Kc7 50. Rxb4
Rh8 51. Rb5 Kc6 52. Rc5+ Kd6 53. Kb3 Rh4 54. c3 Rh8 55. Kb4 Rb8+ 56. Rb5 Rc8
57. Rb6+ Kd7 58. Kb3 Ke7 59. Rh6 Kd7 60. Kb4 Rc4+ 61. Kb3 Rc8 62. Kc2 Rg8 63.
Rh3 Kd6 64. Kd3 Rc8 65. Ke2 Kd7 66. Re3 Kd6 67. Kf3 Rf8+ 68. Kg4 Rg8+ 69. Kf5
Rf8+ 70. Kg4 Rg8+ 71. Kf4 Rf8+ 72. Kg4 Rg8+ 73. Kf4 1/2-1/2

[Event "IX Chess Masters Final 2016"]
[Site "Bilbao"]
[Date "2016.07.19"]
[Round "6"]
[White "Nakamura, Hikaru"]
[Black "Carlsen, Magnus"]
[Result "1/2-1/2"]
[WhiteElo "2787"]
[BlackElo "2855"]
[PlyCount "64"]
[EventDate "2016.??.??"]
[EventCountry "ESP"]
[SourceTitle "playchess.com"]
[Source "ChessBase"]

1. d4 Nf6 2. c4 e6 3. Nf3 d5 4. g3 Be7 5. Bg2 O-O 6. Qc2 c6 7. O-O b6 8. Rd1
Bb7 9. b3 Nbd7 10. Nc3 Rc8 11. e4 c5 12. dxc5 (12. exd5 exd5 13. dxc5 dxc4 14.
b4 bxc5 15. b5 Qb6 16. Bf4 Rfd8 17. a4 Qa5 18. Nd2 Bxg2 19. Nxc4 Qb4 20. Na2
Be4 21. Nxb4 Bxc2 22. Nxc2 Nb6 23. Rxd8+ Bxd8 24. N2e3 Nxc4 25. Nxc4 Nd5 26.
Rd1 Nb6 27. Nd6 Ra8 28. a5 Na4 29. Nc4 Nc3 30. Re1 Bxa5 31. Nxa5 Nxb5 32. Re5
Nd4 33. Rxc5 {1-0 (33) Stein,L (2605)-Tal,M (2620) Leningrad 1971}) 12... dxc4
13. b4 a5 14. a3 axb4 15. axb4 bxc5 16. b5 Qc7 17. Bf4 (17. h3 Rfd8 18. Be3 Ra8
19. Rxa8 Bxa8 20. Bf4 e5 21. Be3 Nb6 22. Rxd8+ Bxd8 23. Nd2 Ne8 24. Qa2 Nd6 25.
Qa3 Be7 26. Bf1 h6 27. Bxc4 Bg5 28. Bxg5 hxg5 29. Bf1 c4 30. Qb4 g6 31. f3 Kg7
32. Kh2 Bb7 {1/2-1/2 (32) Nyzhnyk,I (2499)-Aghasaryan,R (2249) Moscow 2009})
17... e5 18. Bg5 Nb6 19. Nd2 Rfd8 20. Bxf6 Bxf6 21. Nd5 Bxd5 22. exd5 e4 23.
Rab1 Rxd5 24. Nxc4 (24. Bxe4 Rd4 25. Bxh7+ Kf8 $11) 24... Rd4 25. Nxb6 Qxb6 26.
Bxe4 Rxd1+ 27. Rxd1 Qxb5 28. Bxh7+ Kf8 29. Bf5 Rd8 30. Rxd8+ Bxd8 31. Qd3 Qxd3
32. Bxd3 Bf6 1/2-1/2

[Event "IX Chess Masters Final 2016"]
[Site "Bilbao"]
[Date "2016.07.19"]
[Round "6"]
[White "Wei, Yi"]
[Black "Giri, Anish"]
[Result "1-0"]
[WhiteElo "2696"]
[BlackElo "2785"]
[PlyCount "81"]
[EventDate "2016.??.??"]
[EventCountry "ESP"]
[SourceTitle "playchess.com"]
[Source "ChessBase"]

1. e4 e5 2. Nf3 Nc6 3. Bb5 Nf6 4. O-O Nxe4 5. d4 Nd6 6. Bxc6 dxc6 7. dxe5 Nf5
8. Qxd8+ Kxd8 9. h3 h5 10. Nc3 Be7 11. Bf4 (11. Rd1+ Ke8 12. Ne2 Nh4 13. Nxh4
Bxh4 14. f3 Bf5 15. Nd4 Bg6 16. Bf4 Be7 17. g4 Rd8 18. Kg2 hxg4 19. hxg4 Bc5
20. c3 Bxd4 21. Rxd4 Rxd4 22. cxd4 Ke7 23. Rc1 Ke6 24. Be3 f6 25. exf6 gxf6 26.
Bd2 Rd8 27. Bc3 Kf7 28. Kg3 Re8 29. Rh1 Bd3 30. Re1 Rxe1 31. Bxe1 Bc4 32. a3 b6
33. Kf4 a5 34. Ke3 a4 35. Bg3 b5 36. Bxc7 {1/2-1/2 (36) Anand,V (2816)-Carlsen,
M (2853) Saint Louis USA 2015}) 11... Be6 12. Rad1+ Kc8 13. Ng5 Bxg5 14. Bxg5
b6 15. g4 hxg4 16. hxg4 Nh4 17. Bxh4 Rxh4 18. f3 Kb7 19. Kg2 Rah8 20. Rh1 Rxh1
21. Rxh1 Rxh1 22. Kxh1 c5 23. Kg2 Kc6 24. a4 a6 25. Kg3 b5 26. axb5+ axb5 27.
f4 b4 28. Ne4 Ba2 29. Nd2 Kd5 30. c3 bxc3 31. bxc3 g5 32. Kf3 Ke6 $4 (32... c4
33. Ke3 Bb3 34. Nf3 gxf4+ 35. Kxf4 Bc2) 33. c4 gxf4 34. Kxf4 f6 35. exf6 Kxf6
36. g5+ Kg6 37. Kg4 Kh7 38. Kh5 c6 39. g6+ Kg7 40. Kg5 Kg8 41. Kh6 (41. Kh6 Kh8
42. g7+ Kg8 43. Ne4 Bxc4 44. Nf6+ Kf7 45. g8=Q+ Kxf6 46. Qxc4) 1-0

[Event "IX Chess Masters Final 2016"]
[Site "Bilbao"]
[Date "2016.07.19"]
[Round "6"]
[White "So, Wesley"]
[Black "Karjakin, Sergey"]
[Result "1/2-1/2"]
[WhiteElo "2770"]
[BlackElo "2773"]
[PlyCount "93"]
[EventDate "2016.??.??"]
[EventCountry "ESP"]
[SourceTitle "playchess.com"]
[Source "ChessBase"]

1. d4 Nf6 2. c4 e6 3. Nc3 Bb4 4. e3 O-O 5. Nge2 d5 6. a3 Be7 7. cxd5 exd5 8.
Nf4 Re8 9. Bd3 Bd6 10. O-O Bxf4 11. exf4 Nc6 12. Be3 Ne7 13. Qc2 g6 14. f3 h5
15. Qd2 (15. Bf2 Bf5 16. h3 Qd6 17. Ne2 Bxd3 18. Qxd3 a5 19. Rac1 Ra6 20. g4
hxg4 21. hxg4 Rb6 22. Rc2 a4 23. Bg3 Rb3 24. Qd2 Nc6 25. Nc3 Na5 26. Qh2 Nc4
27. Qh4 Rxb2 28. Rxb2 Nxb2 29. Kg2 Qc6 30. Rh1 Nh5 31. gxh5 Qxc3 32. hxg6 Qc2+
33. Kg1 Qb1+ 34. Kg2 Qc2+ 35. Kg1 Qb1+ 36. Kg2 {1/2-1/2 (36) Swayams,M (2440)
-Goganov,A (2598) Moscow RUS 2015}) 15... Bf5 16. Be2 Qd7 17. Rfe1 Be6 18. Bf2
Nf5 19. Bd3 Nd6 20. Re5 c6 21. Rae1 Bf5 22. Bh4 Nh7 23. Be7 Bxd3 24. Bxd6 Bf5
25. Bb4 b6 26. a4 a5 27. Ba3 Re6 28. h3 Rae8 29. g4 Rxe5 30. fxe5 hxg4 31. hxg4
Bxg4 32. fxg4 Qxg4+ 33. Kf1 Ng5 34. Qg2 Qf5+ 35. Qf2 Nf3 36. Ke2 Nxe1 37. Qxf5
gxf5 38. Kxe1 f6 39. Bd6 Kf7 40. Ne2 fxe5 41. dxe5 Ke6 42. Kf2 Kd7 43. Nf4 Rg8
44. Ba3 Re8 45. Bd6 Rg8 46. Ba3 Re8 47. Bd6 1/2-1/2

[Event "IX Chess Masters Final 2016"]
[Site "Bilbao"]
[Date "2016.07.20"]
[Round "7"]
[White "Giri, Anish"]
[Black "Karjakin, Sergey"]
[Result "1/2-1/2"]
[WhiteElo "2782"]
[BlackElo "2774"]
[PlyCount "85"]
[EventCountry "ESP"]
[SourceTitle "playchess.com"]
[Source "ChessBase"]

1. d4 Nf6 2. c4 e6 3. g3 Bb4+ 4. Bd2 Be7 5. Bg2 d5 6. Nf3 O-O 7. O-O c6 8. Qc2
Nbd7 9. Bf4 b6 10. cxd5 cxd5 11. Rc1 Bb7 12. Qb3 (12. Qa4 a6 13. Nbd2 Rc8 14.
Qd1 Nh5 15. Rxc8 Bxc8 16. Rc1 Nxf4 17. gxf4 Bb7 18. e3 Qb8 19. a3 Rc8 20. Ne5
Rxc1 {1/2-1/2 (20) Ghaem Maghami,E (2551)-Wei Yi (2694) Tashkent UZB 2016})
12... Rc8 13. Rxc8 Qxc8 14. Nc3 Nh5 15. Bg5 Bxg5 16. Nxg5 Qb8 17. e3 Nhf6 18.
Bf1 Rc8 19. a4 h6 20. Nf3 Ne4 21. a5 Bc6 22. Ba6 bxa5 23. Qc2 Bb7 24. Rxa5 Bxa6
25. Rxa6 Rc7 26. Kg2 Qb4 27. Ra4 Qb7 28. Ra3 Nb6 29. Ne5 Nc4 30. Nxc4 Rxc4 31.
Qe2 Nxc3 32. bxc3 Qe7 33. Qa2 Rc7 34. Ra5 g6 35. h4 h5 36. Qa3 Qxa3 37. Rxa3 a5
38. Rxa5 Rxc3 39. Ra8+ Kg7 40. Ra5 Kg8 41. Ra8+ Kg7 42. Ra5 Kg8 43. Ra8+
1/2-1/2

[Event "IX Chess Masters Final 2016"]
[Site "Bilbao"]
[Date "2016.07.20"]
[Round "7"]
[White "Nakamura, Hikaru"]
[Black "So, Wesley"]
[Result "1/2-1/2"]
[WhiteElo "2787"]
[BlackElo "2770"]
[PlyCount "83"]
[EventCountry "ESP"]
[SourceTitle "playchess.com"]
[Source "ChessBase"]

1. Nf3 d5 2. d4 Nf6 3. c4 e6 4. g3 Bb4+ 5. Bd2 Be7 6. Bg2 O-O 7. O-O c6 8. Qc2
b6 9. Rd1 Nbd7 10. b3 Ba6 11. a4 c5 12. Na3 Bb7 13. Qb2 Qc8 (13... Ne4 14. Be1
f5 15. e3 Bf6 16. Rac1 Qe7 17. b4 Bc6 18. Qb3 a5 19. bxa5 bxa5 20. cxd5 Bxd5
21. Nc4 Rfc8 22. Qd3 cxd4 23. exd4 {1-0 (99) Le,Q (2694)-Nakamura,H (2733) Cap
d'Agde 2010}) (13... Rc8 14. Rac1 Ne4 15. Be1 Bf6 16. e3 Qc7 17. Nd2 Nxd2 18.
Qxd2 Qb8 19. cxd5 cxd4 20. exd4 Bxd5 21. Bxd5 exd5 {1/2-1/2 (38) Le,Q (2715)
-Giri,A (2701) Dortmund 2011}) 14. Rac1 Bc6 (14... dxc4 15. Nxc4 Bd5 16. Bf4
Qb7 17. Nd6 Bxd6 18. Bxd6 Rfc8 19. dxc5 bxc5 20. Ne1 c4 21. Bxd5 exd5 22. Rb1
Ne4 23. Bf4 Ndc5 24. f3 Nf6 25. Be5 Nxb3 26. Bxf6 gxf6 27. Qxf6 Qb6+ 28. Qxb6
axb6 29. Rxd5 Rxa4 30. Rb5 Ra2 31. e4 Rc6 32. Rd1 Re2 33. Nd3 Rd6 34. Kf1 Rd2 {
0-1 (34) Siva,M (2401)-Almasi,Z (2700) Abu Dhabi UAE 2015}) 15. dxc5 bxc5 16.
cxd5 exd5 17. Nh4 Re8 18. Nf5 Bf8 19. Bf4 Qb7 20. Nb5 Bxb5 21. axb5 Qxb5 22.
Ne3 Rac8 23. Nxd5 Nxd5 24. Bxd5 Nb6 25. Bc4 Nxc4 26. Rxc4 Rcd8 27. Ra1 Re6 28.
Be3 Rb8 29. Qc2 Qxb3 30. Qxb3 Rxb3 31. Rxa7 Re8 32. Rc7 Rb2 33. Bxc5 Bxc5 34.
R7xc5 Rbxe2 35. Rc8 Re1+ 36. Kg2 g6 37. h4 Rxc8 38. Rxc8+ Kg7 39. Rc7 Rd1 40.
Rc8 Re1 41. Rc7 Rd1 42. Rc8 1/2-1/2

[Event "IX Chess Masters Final 2016"]
[Site "Bilbao"]
[Date "2016.07.20"]
[Round "7"]
[White "Carlsen, Magnus"]
[Black "Wei, Yi"]
[Result "1/2-1/2"]
[WhiteElo "2855"]
[BlackElo "2694"]
[PlyCount "120"]
[EventDate "2016.??.??"]
[EventCountry "ESP"]
[SourceTitle "playchess.com"]
[Source "ChessBase"]

1. Nf3 d5 2. g3 g6 3. Bg2 Bg7 4. O-O Nf6 5. c4 O-O 6. cxd5 Nxd5 7. d4 Nb6 8.
Nc3 Nc6 9. d5 Na5 10. e4 c6 11. Bf4 Nac4 12. Qe2 (12. Qb3 e5 13. Bg5 f6 14. Nd2
Na5 15. Qb4 fxg5 16. Qxa5 {0-1 (52) Sundararajan,K (2449)-Kuzubov,Y (2624) New
Delhi 2011}) 12... cxd5 13. exd5 (13. Nxd5 Nxd5 14. exd5 Nxb2 15. Rac1 Bf5 16.
Bc7 Bd3 17. Bxd8 Bxe2 18. Bxe7 Bxf1 19. Bxf1 Rfe8 20. d6 Rxe7 21. dxe7 Re8 22.
Rc7 Bf6 23. Rxb7 {1/2-1/2 (23) Xiu Deshun (2553)-Wei Yi (2641) Zhongshan CHN
2014}) 13... Bg4 14. h3 Bxf3 15. Bxf3 Nd6 (15... Nxb2 $6 16. Qxb2 Na4 17. Qxb7
Nxc3 18. Rae1 $16) 16. Rfe1 Re8 17. Rac1 a6 18. b3 Rc8 19. Qd2 Nd7 20. Na4 Rxc1
21. Qxc1 Bd4 22. Qd2 Bg7 23. h4 h5 24. Nb2 Nb5 25. Re3 Nd4 26. Bg2 e5 27. dxe6
Nxe6 28. Nc4 Nxf4 29. Rxe8+ Qxe8 30. Qxf4 b5 31. Ne3 Qe5 32. Qxe5 Bxe5 33. b4
Bd6 34. Bb7 Nb8 35. Nd5 Kf8 36. Kg2 Ke8 37. f3 f5 38. Kf2 Kd7 39. Nf4 Kc7 40.
Bd5 Bxf4 41. gxf4 Kd6 42. Bf7 Nc6 43. a3 Ne7 44. Ke2 Kd7 45. Kd1 Kd6 46. Kd2
Kd7 47. Kd3 Kd6 48. Kc2 Kd7 49. Kb3 Kd6 50. a4 Nc6 51. axb5 axb5 52. Kc3 Ne7
53. Kd2 Nd5 54. Bxg6 Nxb4 55. Bxh5 Nd5 56. Be8 Nxf4 57. Bxb5 Ke5 58. Bf1 Ng6
59. h5 Nh4 60. Ke2 Nxf3 1/2-1/2

[Event "IX Chess Masters Final 2016"]
[Site "Bilbao"]
[Date "2016.07.21"]
[Round "8"]
[White "Karjakin, Sergey"]
[Black "Carlsen, Magnus"]
[Result "1/2-1/2"]
[WhiteElo "2773"]
[BlackElo "2855"]
[PlyCount "38"]
[EventDate "2016.??.??"]
[EventCountry "ESP"]
[SourceTitle "playchess.com"]
[Source "ChessBase"]

1. d4 Nf6 2. c4 e6 3. Nf3 d5 4. Nc3 Bb4 5. Qa4+ Nc6 6. e3 O-O 7. Qc2 Re8 8. Bd2
a6 9. a3 Bd6 10. h3 Bd7 (10... h6 11. Rd1 (11. cxd5 exd5 12. Bd3 Bd7 13. b4 Na7
14. Na4 b6 15. Nc3 Nb5 16. Ne2 Ne4 17. a4 Na7 18. O-O Nc6 19. b5 axb5 20. axb5
Nxd2 21. Qxd2 Nb4 22. Nc3 Nxd3 23. Qxd3 Be6 24. Ne5 f6 25. Nc6 Qd7 26. f3 Qf7
27. f4 Rxa1 28. Rxa1 Bd7 29. Ra2 h5 30. Kf2 h4 31. Kg1 g6 32. Re2 Kg7 33. Qb1
Bf5 34. Qd1 Qe6 35. Qd2 Ra8 36. Re1 Ra3 37. Rf1 Rb3 38. Ra1 Ba3 39. Ra2 Bb1 40.
Nxb1 Rxb1+ 41. Kh2 Bc1 42. Qe1 Qe4 43. Ra7 Qxf4+ 44. Kh1 Qf2 45. Rxc7+ Kh6 46.
Qd1 Qe2 47. Qg1 Qxe3 48. Qf1 Qf4 49. Qd3 Ra1 {0-1 (49) Laznicka,V (2637)
-Mamedyarov,S (2719) Khanty Mansiysk 2009}) 11... dxc4 12. Bxc4 e5 13. O-O Bd7
14. dxe5 Nxe5 15. Nxe5 Rxe5 16. f4 Bf5 17. Qb3 Re7 18. Qxb7 Bc2 19. Rc1 Rb8 20.
Qxa6 Rxb2 21. Nd1 Rb6 22. Qa5 Bb3 23. Nf2 Qb8 24. Bxb3 Rxb3 25. a4 Qb7 26. Qf5
Bb4 27. Bxb4 Qxb4 28. e4 Nxe4 29. Nxe4 Qxe4 30. Qxe4 Rxe4 31. Rxc7 Rxa4 32. Kh2
Rb2 33. Rf3 {1/2-1/2 (33) Nakamura,H (2790)-Aronian,L (2786) Moscow RUS 2016})
11. cxd5 exd5 12. Bd3 Na7 13. Qb3 c6 14. Qxb7 Nb5 15. Nxb5 axb5 16. Ne5 Rb8 17.
Qa6 Ra8 18. Qb7 Rb8 19. Qa6 Ra8 1/2-1/2

[Event "IX Chess Masters Final 2016"]
[Site "Bilbao"]
[Date "2016.07.21"]
[Round "8"]
[White "Wei, Yi"]
[Black "Nakamura, Hikaru"]
[Result "1/2-1/2"]
[WhiteElo "2696"]
[BlackElo "2787"]
[PlyCount "90"]
[EventDate "2016.??.??"]
[EventCountry "ESP"]
[SourceTitle "playchess.com"]
[Source "ChessBase"]

1. d4 Nf6 2. c4 e6 3. g3 d5 4. Bg2 Be7 5. Nf3 O-O 6. Nc3 dxc4 7. Ne5 Nc6 8.
Bxc6 bxc6 9. Nxc6 Qe8 10. Nxe7+ Qxe7 11. Qa4 c5 12. dxc5 Qxc5 13. Be3 Qc7 14.
Rd1 (14. O-O Nd5 15. Bd4 Bb7 16. Rac1 e5 17. Nxd5 Bxd5 18. Bc3 f6 19. Rfd1 Qc6
20. Qxc6 Bxc6 21. Rd6 Ba4 22. Ba5 Rfc8 23. f3 Rab8 24. Bc3 Rb6 25. Rd5 Rb5 26.
Rxb5 Bxb5 27. Rd1 {1-0 (92) Dominguez Perez,L (2732)-Lysyj,I (2668) Sochi RUS
2016}) (14. f3 Bb7 15. Kf2 Nd5 16. Nxd5 Bxd5 17. Rhd1 f5 18. Rd4 Qb7 19. Qa3 a6
20. Rad1 h6 21. Bf4 a5 22. Be5 Kh7 23. Qe3 Rf7 24. Rh4 Kg8 25. Bc3 a4 26. a3
Qa7 27. Rdd4 Re8 28. Qe5 {1-0 (84) Aronian,L (2797)-Radjabov,T (2734) Beijing
CHN 2014}) 14... Bd7 15. Qa3 Nd5 16. Bd4 a5 17. Rd2 Nb4 18. O-O Qb7 19. Na4
Bxa4 20. Qxa4 Rfc8 21. Rc1 f6 22. f3 Qa6 23. Bf2 Nd5 24. Rdc2 Nb4 25. Rd2 Nd5
26. Rdc2 Nb4 27. Rc3 h6 28. Kg2 Rab8 29. b3 cxb3 30. Rxc8+ Rxc8 31. Rxc8+ Qxc8
32. Qxb3 Kf7 33. Qa4 Qa6 34. Qd7+ Kg8 35. Qd2 Qc4 36. Qd8+ Kh7 37. Qxa5 Nxa2
38. Qd2 Nb4 39. Qb2 Nc6 40. Qb1+ Kg8 41. Qb7 Ne5 42. Qb8+ Kh7 43. Qb1+ Kg8 44.
Qb8+ Kh7 45. Qb1+ Kg8 1/2-1/2

[Event "IX Chess Masters Final 2016"]
[Site "Bilbao"]
[Date "2016.07.21"]
[Round "8"]
[White "So, Wesley"]
[Black "Giri, Anish"]
[Result "1-0"]
[WhiteElo "2770"]
[BlackElo "2785"]
[PlyCount "113"]
[EventDate "2016.??.??"]
[EventCountry "ESP"]
[SourceTitle "playchess.com"]
[Source "ChessBase"]

1. e4 e5 2. Nf3 Nc6 3. Bc4 Bc5 4. O-O (4. c3 Nf6 5. d3 a6 6. O-O d6 7. Bb3 Ba7
8. Nbd2 O-O 9. Re1 Ng4 10. Re2 Kh8 11. h3 Nh6 12. Nf1 f5 13. Bg5 Qe8 14. Qd2
fxe4 15. dxe4 Ng8 16. N3h2 Qg6 17. Ng3 Nf6 18. Be3 Na5 19. Bxa7 Nxb3 20. axb3
Rxa7 {0-1 (71) Rodriguez Vila,A (2437)-Carlsen,M (2881) Caxias do Sul 2014 
(rapide)}) 4... Nf6 5. d3 O-O 6. Re1 Ng4 7. Re2 Kh8 (7... Nd4 8. Nxd4 Bxd4 9.
h3 Nf6 10. Nd2 (10. c3 Bb6 11. Bg5 h6 12. Bh4 g5 13. Bg3 d6 14. Re1 h5 15. d4 {
1-0 (38) Saric,I (2500)-Sakaev,K (2649) Plovdiv 2008}) 10... c6 (10... d6 11.
Nf3 Bb6 12. Be3 Be6 13. Bb3 Re8 14. Qe1 Nh5 15. Qd2 Bxe3 16. fxe3 Ng3 {0-1 (51)
Brkic,A (2606)-Filippov,A (2606) Sibenik 2011}) 11. Nf3 d5 12. exd5 cxd5 13.
Bb3 Qd6 14. c3 Bb6 15. Nxe5 Bf5 16. Bf4 Rfe8 17. d4 Ne4 18. f3 Rxe5 19. fxe4
Bxe4 20. Kh2 {1-0 (20) Saric,I (2660)-Filippov,A (2582) Almaty KAZ 2016}) 8. h3
f5 9. Nc3 Nf6 10. Be3 Bxe3 11. fxe3 fxe4 12. dxe4 d6 13. a3 Qe8 14. Qd3 Nd8 15.
Rf2 Be6 16. Raf1 a6 17. Nd2 b5 18. Bxe6 Nxe6 19. Nd5 Nd7 20. Rxf8+ Ndxf8 21. c4
c6 22. Nc3 Qe7 23. b4 Nd7 24. Nb3 Nf6 25. Na5 Qc7 26. Rc1 Qd7 27. cxb5 axb5 28.
a4 bxa4 29. Nxa4 Rf8 30. Nb6 Qf7 31. Nxc6 Ng5 32. Rf1 Qc7 33. Qb5 Ngxe4 34. Nd5
Qd7 35. Nxf6 gxf6 36. Qd5 Nc3 37. Qc4 Na4 38. b5 Nb6 39. Qd3 Rg8 40. e4 Qe6 41.
Rd1 Nd7 42. Kh2 (42. Qxd6 $6 Qxh3 $13) 42... Nc5 43. Qxd6 Qxd6 44. Rxd6 Nxe4
45. Re6 Nc5 46. Rxf6 e4 47. Rf5 Nb7 $6 48. Re5 Nd6 49. Nd4 Rb8 50. g4 Kg8 51.
Kg3 Kf7 52. Nf5 Kf6 53. Kf4 Nxb5 54. g5+ Kg6 55. Re7 Rh8 56. Kg4 h5+ 57. Kf4 (
57. Kf4 h4 58. Rb7 Rf8 59. Rxb5 e3 60. Rb6+ Kf7 61. g6+ Ke8 62. Rb8+ Kd7 63.
Rxf8) 1-0

[Event "IX Chess Masters Final 2016"]
[Site "Bilbao"]
[Date "2016.07.22"]
[Round "9"]
[White "Carlsen, Magnus"]
[Black "Giri, Anish"]
[Result "1-0"]
[WhiteElo "2855"]
[BlackElo "2785"]
[PlyCount "89"]
[EventDate "2016.??.??"]
[EventCountry "ESP"]
[SourceTitle "playchess.com"]
[Source "ChessBase"]

1. d4 d5 2. Bf4 Bf5 3. e3 e6 4. Bd3 Bxd3 5. Qxd3 c6 6. Nd2 Nf6 7. Ngf3 Be7 8.
O-O O-O 9. h3 Nbd7 10. a4 c5 11. a5 c4 12. Qe2 b5 13. axb6 axb6 14. Ne5 Nxe5
15. dxe5 Nd7 16. Qg4 Re8 17. h4 f5 18. Qh3 Rxa1 19. Rxa1 c3 20. bxc3 Qc7 21. c4
Nxe5 22. Qg3 Bd6 23. cxd5 (23. c5 $5 bxc5 24. Ra6 Qb7 25. Rxd6 Nf7 26. Be5 Nxd6
27. Bxd6 Qb2 28. Be5 Qb7 $16) 23... exd5 24. Nb3 Qxc2 25. Nd4 Qc8 26. h5 Qd7
27. Rb1 Bc7 28. f3 Qf7 29. Ra1 Bd6 30. Ra6 Qxh5 31. Rxb6 Nc4 32. Rxd6 Nxd6 33.
Bxd6 Rxe3 34. Be5 Qg6 35. Qf4 Re1+ 36. Kf2 Ra1 37. Qd2 Ra8 $2 38. Nxf5 $1 Qe6 (
38... Qxf5 $4 39. Qxd5+ Qf7 40. Qxa8+) 39. Qg5 g6 40. Nh6+ Kf8 41. Ng4 Ke8 42.
Nf6+ Kf7 43. Nxh7 Ra4 44. Qd8 $1 Ra2+ 45. Kg1 (45. Kg1 Qxe5 46. Qf8+ Ke6 47.
Qe8+ Kd6 48. Qb8+ Ke6 49. Nf8+ Kf6 50. Nd7+ $18) 1-0

[Event "IX Chess Masters Final 2016"]
[Site "Bilbao"]
[Date "2016.07.22"]
[Round "9"]
[White "Nakamura, Hikaru"]
[Black "Karjakin, Sergey"]
[Result "1/2-1/2"]
[WhiteElo "2787"]
[BlackElo "2773"]
[PlyCount "68"]
[EventDate "2016.??.??"]
[EventCountry "ESP"]
[SourceTitle "playchess.com"]
[Source "ChessBase"]

1. d4 Nf6 2. c4 e6 3. Nf3 d5 4. Nc3 Nbd7 5. Bf4 dxc4 6. e3 b5 7. Nxb5 Bb4+ 8.
Nc3 Ne4 (8... Nd5 9. Qc2 N7b6 10. Bg3 O-O 11. Be2 c5 12. O-O cxd4 13. Nxd4 Bb7
14. Bf3 Qd7 {1/2-1/2 (14) Karjakin,S (2762)-Mamedyarov,S (2736) Baku AZE 2015})
9. a3 Nxc3 10. Qd2 Nd5 11. axb4 Nxf4 12. exf4 Bb7 13. Be2 O-O (13... Nb6 14.
O-O Qd6 15. Rfc1 O-O 16. Ne5 Rfd8 17. Nxc4 Nxc4 18. Bxc4 Qxd4 19. Qxd4 Rxd4 20.
f5 Bc8 21. fxe6 Bxe6 22. Bxe6 fxe6 23. Rxc7 Rxb4 {1/2-1/2 (47) Gustafsson,J 
(2630)-Naiditsch,A (2685) Linares ESP 2015}) 14. O-O Nb6 15. Ne5 Qd6 16. Rfd1
Rfb8 17. Rac1 a6 (17... Qd5 18. Bf1 h6 19. Nxc4 Nxc4 20. Rxc4 Qd6 21. Rc5 Bd5
22. b5 c6 23. bxc6 Bxc6 {0-1 (59) Nakamura,H (2787)-Carlsen,M (2855) Paris FRA
2016}) 18. h4 Bd5 19. h5 h6 20. Re1 Rb7 21. Nxc4 Nxc4 22. Bxc4 Bxc4 23. Rxc4
Rab8 24. Ra1 Rxb4 25. Rxb4 Qxb4 26. Qxb4 Rxb4 27. Rxa6 Rxd4 28. Ra8+ Kh7 29. g3
Rb4 30. Ra7 Rxb2 31. Rxc7 Kg8 32. Rc8+ Kh7 33. Rc7 Kg8 34. Rc8+ Kh7 1/2-1/2

[Event "IX Chess Masters Final 2016"]
[Site "Bilbao"]
[Date "2016.07.22"]
[Round "9"]
[White "Wei, Yi"]
[Black "So, Wesley"]
[Result "1/2-1/2"]
[WhiteElo "2696"]
[BlackElo "2770"]
[PlyCount "61"]
[EventDate "2016.??.??"]
[EventCountry "ESP"]
[SourceTitle "playchess.com"]
[Source "ChessBase"]

1. d4 Nf6 2. c4 e6 3. g3 d5 4. Bg2 Be7 5. Nf3 O-O 6. O-O dxc4 7. Ne5 Nc6 8.
Bxc6 bxc6 9. Nxc6 Qe8 10. Nxe7+ Qxe7 11. Na3 Rd8 12. Qc2 Ba6 13. Nxc4 c5 14.
dxc5 Qxc5 15. b3 Bxc4 16. Bb2 Rac8 17. Bxf6 (17. Rac1 Qa5 18. Bxf6 gxf6 19.
bxc4 Rd2 20. Qe4 Qe5 21. Qb7 Qc7 22. Qf3 Qe5 23. Qb7 Qc7 24. Qf3 Qe5 25. Qb7 {
1/2-1/2 (25) Swapnil,S (2499)-Ganguly,S (2647) Bangkok THA 2016}) 17... gxf6
18. Rfc1 Qe5 (18... Qa5 19. bxc4 Rd2 20. Qe4 Rxa2 21. Rxa2 Qxa2 22. c5 Qd2 23.
Rc4 f5 24. Qe5 Qd5 25. Qc3 a5 26. Rd4 Rxc5 27. Rxd5 Rxc3 28. Rxa5 {1/2-1/2 (28)
Gajewski,G (2648)-Fressinet,L (2712) Montpellier 2015}) 19. bxc4 Rd4 20. Rab1
Rdxc4 21. Qxc4 Rxc4 22. Rxc4 Qxe2 23. Ra4 a6 24. Kg2 Qe5 25. Rd1 h5 26. Rd3 Qb5
27. Raa3 Qc6+ 28. Kg1 Qc1+ 29. Kg2 Qc6+ 30. Kg1 Qc1+ 31. Kg2 1/2-1/2